000 00595nam a2200241Ia 4500
003 OSt
005 20220928112535.0
006 a|||||r|||| 00| 0
007 ta
008 220927b |||||||| |||| 00| 0 eng d
024 _a63492
037 _cTextual
040 _aSDCL
_cSDCL
_beng
041 _2eng
_aeng
082 _a4, Q1
100 _aFiske John
_9428636
245 0 _aIntroduction to communication studies
250 _a3
260 _aLondon
_bRoutledge
_c2011
300 _ali,195p.
_ccm.
942 _h4, Q1
_cTEXL
_2CC
999 _c745187
_d745187